Online
Catalog

Dos grandes estafas : (Record no. 16072)

MARC details
000 -CABECERA
campo de control de longitud fija 00844nam a2200229 a 4500
001 - NÚMERO DE CONTROL
campo de control 000016539
003 - IDENTIFICADOR DEL NÚMERO DE CONTROL
campo de control DO-SdBNP
005 - FECHA Y HORA DE LA ÚLTIMA TRANSACCIÓN
campo de control 20210802104830.0
008 - DATOS DE LONGITUD FIJA--INFORMACIÓN GENERAL
campo de control de longitud fija 100308s1985 dr a 000 0 spa d
040 ## - FUENTE DE LA CATALOGACIÓN
Centro catalogador/agencia de origen DO-SdBNP
Lengua de catalogación spa
Centro/agencia transcriptor BNPHU
082 ## - NÚMERO DE LA CLASIFICACIÓN DECIMAL DEWEY
Número de clasificación xxx
Número de documento/Ítem C313d
100 1# - ENTRADA PRINCIPAL--NOMBRE DE PERSONA
Nombre de persona Carrasco, Nelson Eddy
Fechas asociadas al nombre 1940-
9 (RLIN) 14000
245 10 - MENCIÓN DE TÍTULO
Título Dos grandes estafas :
Resto del título la problemática del mercadeo de la sal /
Mención de responsabilidad, etc. Nelson Eddy Carrasco ; prólogo Giuseppe Rímoli Martínez.
260 ## - PUBLICACIÓN, DISTRIBUCIÓN, ETC.
Lugar de publicación, distribución, etc. Santo Domingo :
Nombre del editor, distribuidor, etc. Visión,
Fecha de publicación, distribución, etc. 1985.
300 ## - DESCRIPCIÓN FÍSICA
Extensión 156 p. :
Otras características físicas il. ;
Dimensiones 21 cm.
500 ## - NOTA GENERAL
Nota general Incluye datos biográficos del autor en la contraportada
500 ## - NOTA GENERAL
Nota general Incluye notas al pie de las páginas
504 ## - NOTA DE BIBLIOGRAFÍA, ETC.
Nota de bibliografía, etc. Incluye referencias bibliográficas ( p. 155-156)
590 ## - NOTA LOCAL (RLIN)
Nota local Inventariado, 2021 / DG
700 1# - PUNTO DE ACCESO ADICIONAL--NOMBRE DE PERSONA
Nombre de persona Rímoli Martínez, Giuseppe,
Término indicativo de función/relación pról.
9 (RLIN) 8586
942 ## - ELEMENTOS DE PUNTO DE ACCESO ADICIONAL (KOHA)
Fuente del sistema de clasificación o colocación Dewey Decimal Classification
Tipo de ítem Koha Libro
Holdings
Estado de retiro Estado de pérdida No para préstamo Código de colección Localización permanente Ubicación/localización actual Ubicación en estantería Fecha de adquisición Número de inventario Total de préstamos Signatura topográfica completa Código de barras Fecha visto por última vez Precio válido a partir de Tipo de ítem Koha Número de copia Fuente del sistema de clasificación o colocación Restricciones de uso
        Biblioteca Nacional Pedro Henríquez Ureña Dominicana Depósito 02.08.2021     xxx C313d 2021-25335 02.08.2021 02.08.2021 Libro e.4 Dewey Decimal Classification Préstamo en sala
      Patrimonio Dominicano General General Orden iniciada 14.08.2019 LF1   xxx C313d 16539-30 25.06.2020 25.06.2020 Libro y Folleto Colección Patrimonio Dominicano      
    Excluido de préstamo Patrimonio Dominicano Patrimonio Dominicano Patrimonio Dominicano En catalogación 08.03.2010 LF1   xxx C313d 16539-10 25.06.2020 25.06.2020 Libro y Folleto Colección Patrimonio Dominicano      
    Excluido de préstamo Patrimonio Dominicano Patrimonio Dominicano Patrimonio Dominicano En catalogación 13.05.2010 LF1   xxx C313d 16539-20 25.06.2020 25.06.2020 Libro y Folleto Colección Patrimonio Dominicano e.2    

Powered by Koha